Η παιδική λογοτεχνία στο νηπιαγωγείο : θεωρία και πράξη
Αποθηκεύτηκε σε:
| Κύριος συγγραφέας: | |
|---|---|
| Άλλοι συγγραφείς: | |
| Μορφή: | Βιβλίο |
| Γλώσσα: | Greek |
| Δημοσίευση: |
Αθήνα :
Καστανιώτης,
1998.
|
| Έκδοση: | 2η έκδ. |
| Θέματα: | |
| Ετικέτες: |
Προσθήκη ετικέτας
Δεν υπάρχουν, Καταχωρήστε ετικέτα πρώτοι!
|
MARC
| LEADER | 00000cam a2200000 i 4500 | ||
|---|---|---|---|
| 001 | 1/16571 | ||
| 008 | 010201s1998 gr | ||| |||| ||gre|| | ||
| 020 | |a 9600309205 | ||
| 035 | |l 10065821 | ||
| 040 | |a GR-MY-UA |b gre |e aacr | ||
| 041 | 0 | |a gre | |
| 082 | 7 | |a 808.068 |2 (22) | |
| 100 | 1 | |a Παπανικολάου, Ρούλα. | |
| 245 | 1 | 2 | |a Η παιδική λογοτεχνία στο νηπιαγωγείο : |b θεωρία και πράξη / |c Ρούλα Παπανικολάου, Τασούλα Τσιλιμένη. |
| 250 | |a 2η έκδ. | ||
| 260 | |a Αθήνα : |b Καστανιώτης, |c 1998. | ||
| 300 | |a 230 σ. ; |c 21 εκ. | ||
| 650 | 0 | 0 | |a Children's literature, Greek (Modern) |
| 650 | 0 | 0 | |a Children's literature |x History and criticism. |
| 700 | 1 | |a Τσιλιμένη, Τασούλα Δ. | |
| 852 | |a INST |b RHODES |e 20010201 |h 808.068 ΠΑΠ |p 005400017341 |q 005400017341 |t BK |y 0 | ||
| 901 | |a BIBL4-2001-1 | ||
| 909 | |a Ρ |b 065455 | ||
| 922 | |a 4ΕΛΗ |b 199903 |c ΚΠΣ/Ν |d EMVASIS | ||
| 970 | |a ΚΟΥΛΑΚΙΟΤΗ |b ΛΙΤΣΑ |z 2001/02/01 | ||